000 00492ntaaa2200181 4500
003 01
005 20251027202224.0
008 0714s1973 ag 01
040 _aAR-BaBN
_bspa
_cAR-BaBN
_eaacr
_dRIC
082 _a268.0000 S774
100 _aSquires, Walter Albion
_920724
245 _aThe week day church school
250 _a1 ed.
260 _aPhiladelphia :
_bPresbyterian Board of Christian Education,
_cc1921
300 _a196 p
650 _aescuelas dominicales
_918398
942 _cBK
999 _c17081
_d17081